LIBRARY & INFORMATION CENTRE, KCAET, TAVANUR

ONLINE PUBLIC ACCESS CATALOGUE (OPAC)

Agri-business and market management (Record no. 14003)

MARC details
000 -LEADER
fixed length control field 00275nam a22001097a 4500
020 ## - INTERNATIONAL STANDARD BOOK NUMBER
ISBN 9788183212724
082 ## - DEWEY DECIMAL CLASSIFICATION NUMBER
Classification number 630.68
Item number SHA/AG
100 ## - MAIN ENTRY--AUTHOR NAME
Personal name Sharma, Amod
245 ## - TITLE STATEMENT
Title Agri-business and market management
260 ## - PUBLICATION, DISTRIBUTION, ETC. (IMPRINT)
Place of publication Udaipur
Name of publisher Agrotech publishing academy
Year of publication 2013
942 ## - ADDED ENTRY ELEMENTS (KOHA)
Koha item type Books
Holdings
Withdrawn status Lost status Damaged status Collection code Home library Current library Shelving location Date acquired Source of acquisition Cost, normal purchase price Full call number Accession Number Koha item type
      Non-fiction KAUAET KAUAET General Stacks 30/03/2013 A & A , Tvpm 800.00 630.68 SHA/AG 23816 Books
free website counter